Sistema financiero y asignación de recursos: experiencias latinoamericanas y del Caribe, Colombia, Costa Rica, Chile, República Dominicana, Venezuela

Saved in:
书目详细资料
Main Authors: Massad Abud, Carlos (autor), Held Y., Günther (Author)
格式: 图书
语言:西班牙语
出版: Buenos Aires Grupo Editor Latinoamericano 1990
丛编:Colección Estudios Políticos y Sociales
主题:
标签: 添加标签
没有标签, 成为第一个标记此记录!

MARC

LEADER 00000nam a2200000 a 4500
001 UCX2235
003 CL-VaPUC
008 910409e19900000AG |||||||||||||||||spa|d
082 0 4 |a 332.041  |b MAS  |2 21 
100 |a Massad Abud, Carlos  |e autor  |9 589540 
700 |a Held Y., Günther  |e author  |9 469178 
245 1 0 |a Sistema financiero y asignación de recursos: experiencias latinoamericanas y del Caribe, Colombia, Costa Rica, Chile, República Dominicana, Venezuela 
300 |a 455 p 
942 |c BK 
945 |d 19910409 00:00:00 
260 |a Buenos Aires  |b Grupo Editor Latinoamericano  |c 1990 
650 0 |a Ahorro e inversión  |9 318107 
651 0 |a América Latina   |9 255027 
583 |a last modification  |c 19910409 00:00:00  |k Rodrigo Vera 
490 0 |a Colección Estudios Políticos y Sociales 
999 |c 223305  |d 223303 
952 |0 0  |1 0  |4 0  |6 332_041000000000000_MAS_1990  |7 0  |8 A  |9 218939  |a BIBENE  |b BIBENE  |d 2019-11-15  |i 2877341  |o 332.041 MAS 1990  |p 2877341  |r 2025-01-15  |w 2019-11-15  |y BK  |k ICO